<?xml version="1.0" encoding="UTF-8"?>
<record
    xmlns:xsi="http://www.w3.org/2001/XMLSchema-instance"
    xsi:schemaLocation="http://www.loc.gov/MARC21/slim http://www.loc.gov/standards/marcxml/schema/MARC21slim.xsd"
    xmlns="http://www.loc.gov/MARC21/slim">

  <leader>02639cam a22003495a 4500</leader>
  <controlfield tag="001">016636238</controlfield>
  <controlfield tag="003">Uk</controlfield>
  <controlfield tag="005">20160816142011.0</controlfield>
  <controlfield tag="008">140221s2014    gw a   frb    001 0 eng|d</controlfield>
  <datafield tag="015" ind1=" " ind2=" ">
    <subfield code="a">GBB421692</subfield>
    <subfield code="2">bnb</subfield>
  </datafield>
  <datafield tag="016" ind1="7" ind2=" ">
    <subfield code="a">016636238</subfield>
    <subfield code="2">Uk</subfield>
  </datafield>
  <datafield tag="020" ind1=" " ind2=" ">
    <subfield code="a">9783642451638 </subfield>
  </datafield>
  <datafield tag="020" ind1=" " ind2=" ">
    <subfield code="a">3642451632</subfield>
  </datafield>
  <datafield tag="040" ind1=" " ind2=" ">
    <subfield code="a">StDuBDS</subfield>
    <subfield code="b">eng</subfield>
    <subfield code="c">StDuBDS</subfield>
    <subfield code="d">EG-ScBUE</subfield>
  </datafield>
  <datafield tag="082" ind1="0" ind2="4">
    <subfield code="2">22</subfield>
    <subfield code="a">617.6</subfield>
    <subfield code="b">CLI</subfield>
  </datafield>
  <datafield tag="245" ind1="0" ind2="0">
    <subfield code="a">Clinician's guide to the diagnosis and management of tooth sensitivity /</subfield>
    <subfield code="c">edited by Sahar Taha, Brian H. Clarkson.</subfield>
  </datafield>
  <datafield tag="260" ind1=" " ind2=" ">
    <subfield code="a">Heidelberg :</subfield>
    <subfield code="b">Springer,</subfield>
    <subfield code="c">2014.</subfield>
  </datafield>
  <datafield tag="263" ind1=" " ind2=" ">
    <subfield code="a">201403</subfield>
  </datafield>
  <datafield tag="300" ind1=" " ind2=" ">
    <subfield code="a">v, 109 p. :</subfield>
    <subfield code="b">col. ill. ;</subfield>
    <subfield code="c">26 cm.</subfield>
  </datafield>
  <datafield tag="500" ind1=" " ind2=" ">
    <subfield code="a">Index : p. 107-109.</subfield>
  </datafield>
  <datafield tag="504" ind1=" " ind2=" ">
    <subfield code="a">Includes bibliographical references.</subfield>
  </datafield>
  <datafield tag="505" ind1=" " ind2=" ">
    <subfield code="a">Introduction to dentin hypersensitivity -- How can sensitive dentin become hypersensitive? -- Etiology and predisposing factors to dentin hypersensitivity -- Diagnosis of dentin hypersensitivity -- Treatment approaches for dentin hypersensitivity -- Treatment modalities for dentin hypersensitivity -- Evaluating study designs to investigate dentin hypersensitivity -- Future directions for the treatment of dentin hypersensitivity.</subfield>
  </datafield>
  <datafield tag="520" ind1=" " ind2=" ">
    <subfield code="a">Tooth sensitivity, or dentin hypersensitivity, has a high prevalence among the general population and is a very common cause of visits to the dentist. This concise, easy-to-read guide provides the clinician with the most important information required for the correct diagnosis and effective management of dentin hypersensitivity. After discussion of theories regarding the underlying mechanisms, predisposing medical and dental conditions are reviewed. The route to an accurate diagnosis, based on determination of the precise cause, is then explained. A range of potential treatment approaches and their applications are discussed, including dentin blocking agents, nerve desensitization, restorative approaches, and periodontal surgery. Preventive, at-home, and in-office treatment modalities are all described, and future treatments are also considered. Helpful flowcharts are included that will facilitate decision making</subfield>
  </datafield>
  <datafield tag="650" ind1=" " ind2="7">
    <subfield code="a">Teeth</subfield>
    <subfield code="x">Diseases </subfield>
    <subfield code="x">Diagnosis.</subfield>
    <subfield code="2">BUEsh</subfield>
    <subfield code="9">40778</subfield>
  </datafield>
  <datafield tag="651" ind1=" " ind2=" ">
    <subfield code="2">BUEsh</subfield>
  </datafield>
  <datafield tag="653" ind1=" " ind2=" ">
    <subfield code="b">DDent</subfield>
    <subfield code="c">August 2016	</subfield>
  </datafield>
  <datafield tag="700" ind1="1" ind2=" ">
    <subfield code="a">Taha, Sahar&#x200F; &#x200E;</subfield>
    <subfield code="e">editor.</subfield>
    <subfield code="9">40776</subfield>
    <subfield code="q">(Sahar Thaher)&#x200F; </subfield>
  </datafield>
  <datafield tag="700" ind1="1" ind2=" ">
    <subfield code="a">Clarkson, Brian H.&#x200F; </subfield>
    <subfield code="e">editor.</subfield>
    <subfield code="9">40777</subfield>
  </datafield>
  <datafield tag="856" ind1=" " ind2=" ">
    <subfield code="u">http://link.springer.com/book/10.1007/978-3-642-45164-5</subfield>
    <subfield code="y">On campus access</subfield>
  </datafield>
  <datafield tag="856" ind1=" " ind2=" ">
    <subfield code="u">http://41.33.243.106:2048/login?url=http://www.springerlink.com/home/main.mpxhttp://link.springer.com/book/10.1007/978-3-642-45164-5</subfield>
    <subfield code="y">Off campus access</subfield>
  </datafield>
  <datafield tag="942" ind1=" " ind2=" ">
    <subfield code="2">ddc</subfield>
    <subfield code="e">22</subfield>
    <subfield code="k">617.6 CLI</subfield>
  </datafield>
  <datafield tag="999" ind1=" " ind2=" ">
    <subfield code="c">22184</subfield>
    <subfield code="d">22156</subfield>
  </datafield>
  <datafield tag="952" ind1=" " ind2=" ">
    <subfield code="0">0</subfield>
    <subfield code="1">0</subfield>
    <subfield code="2">ddc</subfield>
    <subfield code="4">0</subfield>
    <subfield code="7">0</subfield>
    <subfield code="8">Academic</subfield>
    <subfield code="a">MAIN</subfield>
    <subfield code="b">MAIN</subfield>
    <subfield code="c">1ST</subfield>
    <subfield code="d">2016-08-16</subfield>
    <subfield code="e">Purchase</subfield>
    <subfield code="g">1200.00</subfield>
    <subfield code="h">9126</subfield>
    <subfield code="l">1</subfield>
    <subfield code="m">4</subfield>
    <subfield code="o">617.6 CLI</subfield>
    <subfield code="p">000033192</subfield>
    <subfield code="q">2020-03-14</subfield>
    <subfield code="r">2023-10-14 00:00:00</subfield>
    <subfield code="s">2017-04-13</subfield>
    <subfield code="v">1500.00</subfield>
    <subfield code="y">BB</subfield>
  </datafield>
</record>
